|
|
|
|
| LEADER |
00733naa a2200181 i 4500 |
| 001 |
publ13073 |
| 005 |
20200320194825.0 |
| 008 |
180309s2017 hu o 0|| zxx d |
| 020 |
|
|
|a 9783706909440
|
| 024 |
7 |
|
|a 3227534
|2 mtmt
|
| 040 |
|
|
|a SZTE Publicatio Repozitórium
|b hun
|
| 041 |
|
|
|a zxx
|
| 100 |
1 |
|
|a Szajbély Mihály
|
| 245 |
1 |
0 |
|a Anno Jugoslawien
|h [elektronikus dokumentum] :
|b Bearbeitung und Vermittlung des Traumas des Zerfalls in den Spätwerken von László Végel /
|c Szajbély Mihály
|
| 260 |
|
|
|a Praesens Verlag
|b Wien
|c 2017
|
| 300 |
|
|
|a 77-90
|
| 490 |
0 |
|
|a Myth and Its Discontents. Mythos und Ernüchterung
|
| 856 |
4 |
0 |
|u http://publicatio.bibl.u-szeged.hu/13073/1/Myth_and_its_Discontents_Szajbely_77_90_u.pdf
|z Dokumentum-elérés
|